Introduction to general, organic, and biochemistry /
| Այլ հեղինակներ: | |
|---|---|
| Ձևաչափ: | Գիրք |
| Լեզու: | English |
| Հրապարակվել է: |
Belmont, CA :
Thomson Brooks/Cole,
c2007.
|
| Հրատարակություն: | 8th ed. |
| Խորագրեր: | |
| Առցանց հասանելիություն: | Publisher description Table of contents only Contributor biographical information |
| Classic Catalogue: | View this record in Classic Catalogue |
| LEADER | 01469nam a2200325 a 4500 | ||
|---|---|---|---|
| 001 | 29098 | ||
| 003 | BD-DhAAL | ||
| 005 | 20150423110153.0 | ||
| 008 | 150423s2007 caua 001 0 eng | ||
| 010 | |a 2005935780 | ||
| 020 | |a 0495011975 | ||
| 040 | |a DLC |c DLC |d DLC |d BD-DhAAL | ||
| 050 | 0 | 0 | |a QD31.3 |b .I584 2007 |
| 082 | 0 | 0 | |a 540 |
| 245 | 0 | 0 | |a Introduction to general, organic, and biochemistry / |c Frederick A. Bettelheim ... [et al.].. |
| 246 | 3 | 0 | |a General, organic, and biochemistry. |
| 250 | |a 8th ed. | ||
| 260 | |a Belmont, CA : |b Thomson Brooks/Cole, |c c2007. | ||
| 300 | |a xxv, 804, 58, 10, 2, 24 p. : |b ill. (some col.) ; |c 29 cm. | ||
| 500 | |a Includes index. | ||
| 541 | |e 29098 | ||
| 650 | 0 | |a Chemistry |v Textbooks. |9 10622 | |
| 700 | 1 | |a Bettelheim, Frederick A., |d 1923- |9 10623 | |
| 856 | 4 | 2 | |3 Publisher description |u http://www.loc.gov/catdir/enhancements/fy1211/2005935780-d.html |
| 856 | 4 | 1 | |3 Table of contents only |u http://www.loc.gov/catdir/enhancements/fy1211/2005935780-t.html |
| 856 | 4 | 2 | |3 Contributor biographical information |u http://www.loc.gov/catdir/enhancements/fy1302/2005935780-b.html |
| 942 | |2 ddc |c BK | ||
| 999 | |c 34292 |d 34292 | ||
| 952 | |0 0 |1 0 |2 ddc |4 0 |6 540_000000000000000_INT |7 0 |9 53544 |a BRACUL |b BRACUL |c GEN |d 2015-04-23 |l 4 |m 48 |o 540 INT |p 3010029098 |r 2024-12-28 |s 2023-09-18 |t 1 |w 2015-04-23 |y BK | ||
| 952 | |0 0 |1 0 |2 ddc |4 0 |6 540_000000000000000_INT |7 0 |9 53545 |a BRACUL |b BRACUL |c GEN |d 2015-04-23 |l 0 |o 540 INT |p 4010029098 |r 2015-04-23 |t 1 |w 2015-04-23 |y AV | ||